| 000 | 00570cam a2200193 a 4500 | ||
|---|---|---|---|
| 001 | 000001217 | ||
| 005 | 20200929145517.0 | ||
| 008 | 810904s1966 sp a 000 f spa | ||
| 040 |
_aDO-SdBNP _bspa _cBNPHU |
||
| 082 |
_a863.5 _bV864c |
||
| 100 | 1 |
_aVizcaíno, José Antonio. _94155 |
|
| 245 | 1 | 0 | _aCaminos de la Mancha. |
| 260 |
_aMadrid : _bAlfaguara, _c1966. |
||
| 300 |
_a281 p. : _bil. ; _c21 cm. |
||
| 490 | 0 |
_aLas botas de siete leguas _v4 |
|
| 650 | 4 |
_aNovela española _91123 |
|
| 650 | 4 |
_aLiteratura española _9632 |
|
| 830 | 0 |
_aLas botas de siete laguas _n4 _94156 |
|
| 999 |
_c1165 _d1165 |
||